| 000 | 00384cam a22001097a 4500 | ||
|---|---|---|---|
| 008 | 180718b1960 xxu||||| |||| 00| 0 eng d | ||
| 082 | _aR8x54 1956-57 | ||
| 245 |
_aList of trade unions in India 1956-57 _cby Labour Bureau, Ministry of Labour & Employment |
||
| 260 |
_aDelhi _bGovernment of India _c1960 |
||
| 300 | _a204p | ||
| 700 | _aIndia. Ministry of Labour & Employment, Labour Bureau | ||
| 999 |
_c420232 _d420232 |
||